[Event "2BLO 1920 SK Passau - Nickelhütte Aue"]
[Site "?"]
[Date "2019.11.23"]
[Round "3.2"]
[White "Schwabeneder, Florian"]
[Black "Antal, Gergely"]
[Result "1/2-1/2"]
[WhiteElo "2401"]
[BlackElo "2562"]
[PlyCount "50"]
[EventDate "2019.??.??"]

1. c4 e5 2. Nc3 Nf6 3. e3 Bb4 4. Nge2 O-O 5. a3 Bxc3 6. Nxc3 d5 7. cxd5 Nxd5 8.
Qc2 Nc6 9. Be2 Nf4 10. exf4 Nd4 11. Qb1 exf4 12. d3 Qd6 13. Ne4 Qe5 14. b4 f5
15. Bb2 fxe4 16. dxe4 Be6 17. Qd3 Rad8 18. O-O-O c5 19. bxc5 Qxc5+ 20. Kb1 Qb6
21. Qc3 Qb3 22. Rxd4 Qa2+ 23. Kc1 Rc8 24. Rc4 Rxc4 25. Bxc4 Qxc4 {(=)} 1/2-1/2

[Event "2BLO 1920 SK Passau - Nickelhütte Aue"]
[Site "?"]
[Date "2019.11.23"]
[Round "3.3"]
[White "Meijers, Viesturs"]
[Black "Leisch, Lukas"]
[Result "1/2-1/2"]
[WhiteElo "2434"]
[BlackElo "2340"]
[PlyCount "117"]
[EventDate "2019.??.??"]

1. d4 Nf6 2. Nf3 g6 3. g3 Bg7 4. Bg2 O-O 5. O-O d6 6. b3 c6 7. Bb2 Qa5 8. Nbd2
Qh5 9. Re1 Bg4 10. h4 Nbd7 11. Nh2 e5 12. dxe5 Nxe5 13. Nxg4 Nfxg4 14. e4 f5
15. f4 Nf3+ 16. Bxf3 Bxb2 17. Rb1 Bc3 18. Kg2 Rae8 19. Bxg4 Qxg4 20. Qxg4 fxg4
21. Rbd1 Re6 22. Re3 Bb4 23. c3 Bc5 24. Rd3 Rfe8 25. b4 Bb6 26. Kf1 Bc7 27. a4
h6 28. a5 Kg7 29. Nc4 Rxe4 30. Nxd6 Bxd6 31. Rxd6 a6 32. Rd7+ R8e7 33. Rxe7+
Rxe7 34. Kf2 Kf7 35. Rd8 h5 36. Rd3 Kf6 37. Re3 Rd7 38. Ke2 c5 39. Rd3 Re7+ 40.
Kd2 cxb4 41. cxb4 Re4 42. Rd6+ Kf5 43. Rb6 Re7 44. Kd3 Rd7+ 45. Ke3 Re7+ 46.
Kd4 Rd7+ 47. Ke3 Re7+ 48. Kf2 Rc7 49. b5 axb5 50. Rxb5+ Ke4 51. Re5+ Kd3 52.
Re3+ Kd4 53. Re6 Rc5 54. Rxg6 Rxa5 55. Rb6 Ra2+ 56. Kf1 Ra1+ 57. Kf2 Ra2+ 58.
Kf1 Ra1+ 59. Kf2 1/2-1/2

[Event "2BLO 1920 SK Passau - Nickelhütte Aue"]
[Site "?"]
[Date "2019.11.23"]
[Round "3.4"]
[White "Weiss, Christian"]
[Black "Slobodjan, Roman"]
[Result "1-0"]
[WhiteElo "2370"]
[BlackElo "2456"]
[PlyCount "79"]
[EventDate "2019.??.??"]

1. d4 d5 2. Nf3 Nd7 3. e3 e6 4. c4 c6 5. Bd3 Ngf6 6. O-O dxc4 7. Bxc4 b5 8. Bd3
a6 9. a4 Bb7 10. Qe2 Nd5 11. Nc3 Nb4 12. Be4 Bd6 13. Bd2 bxa4 14. Nxa4 Nf6 15.
Bxb4 Bxb4 16. Bd3 Nd7 17. Rfc1 a5 18. Be4 Rc8 19. Ne1 Bd6 20. g3 h5 21. Nd3 Nf6
22. Bf3 h4 23. Nac5 Ba8 24. Ne5 Nd5 25. Qa6 hxg3 26. hxg3 Bc7 27. Nxc6 Bxc6 28.
Qxc6+ Ke7 29. Nb7 Qd7 30. Qxd7+ Kxd7 31. Nxa5 Rb8 32. Nc4 Rb7 33. Ne5+ Bxe5 34.
dxe5 Ke7 35. Rc5 Rd8 36. Rd1 Rxb2 37. Bxd5 exd5 38. Rcxd5 Rc8 39. R5d4 g5 40.
R1d2 1-0

[Event "2BLO 1920 SK Passau - Nickelhütte Aue"]
[Site "?"]
[Date "2019.11.23"]
[Round "3.5"]
[White "Gaponenko, Inna"]
[Black "Testor, Sebastian"]
[Result "0-1"]
[WhiteElo "2427"]
[BlackElo "2332"]
[PlyCount "110"]
[EventDate "2019.??.??"]

1. e4 e6 2. d4 d5 3. Nd2 c5 4. exd5 Qxd5 5. Ngf3 cxd4 6. Bc4 Qd7 7. O-O Nc6 8.
Nb3 a6 9. Nbxd4 Nxd4 10. Nxd4 Nf6 11. Re1 Bc5 12. Be3 Qc7 13. Bb3 Bd7 14. Qf3
O-O-O 15. Bf4 Bd6 16. Bxd6 Qxd6 17. Rad1 Qc7 18. Rd3 Bc6 19. Nxc6 Rxd3 20. cxd3
Qxc6 21. Qf4 Kd7 22. d4 Qd6 23. Qg5 Rg8 24. Rc1 h6 25. Qe3 Rc8 26. Rxc8 Kxc8
27. h3 Kd7 28. Qf3 Qc6 29. Qg3 Qc1+ 30. Kh2 Qc7 31. Bd1 Ne4 32. Qxc7+ Kxc7 33.
f3 Nd6 34. Bb3 Kc6 35. g4 Nb5 36. d5+ exd5 37. Kg3 g5 38. h4 Kc5 39. f4 f6 40.
hxg5 hxg5 41. fxg5 fxg5 42. Kf2 Kd4 43. Bc2 Nd6 44. Bg6 a5 45. Ke2 Nc4 46. b3
Ne3 47. Bh5 b5 48. Be8 b4 49. Bd7 Nc2 50. Kd2 Na3 51. Be8 Nb1+ 52. Kc2 Nc3 53.
Kb2 Ke3 54. a3 d4 55. axb4 axb4 0-1

[Event "2BLO 1920 SK Passau - Nickelhütte Aue"]
[Site "?"]
[Date "2019.11.23"]
[Round "3.6"]
[White "Hellmayr, Alois"]
[Black "Londyn, Radek"]
[Result "0-1"]
[WhiteElo "2242"]
[BlackElo "2402"]
[PlyCount "66"]
[EventDate "2019.??.??"]

1. Nf3 b6 2. e4 Bb7 3. Bc4 e6 4. e5 d5 5. exd6 Qxd6 6. d4 Nc6 7. c3 Nf6 8. O-O
Be7 9. Bg5 O-O 10. Qe2 h6 11. Bh4 Nh5 12. Bxe7 Nxe7 13. Nbd2 Nf4 14. Qe3 Nf5
15. Qe5 Qxe5 16. dxe5 Rad8 17. Rfd1 g5 18. g4 Nh4 19. Nxh4 gxh4 20. f3 Ng6 21.
Kf2 Nxe5 22. Be2 Nd3+ 23. Ke3 Nxb2 24. Rg1 f6 25. a4 Bc6 26. Bb5 Bxb5 27. axb5
Rd3+ 28. Ke2 Rxc3 29. Rxa7 Rc2 30. Ke3 Rd8 31. Ne4 Kg7 32. Rb1 Nc4+ 33. Kf4 Kg6
0-1

[Event "2BLO 1920 SK Passau - Nickelhütte Aue"]
[Site "?"]
[Date "2019.11.23"]
[Round "3.7"]
[White "Eichner, Sebastian"]
[Black "Hiermann, Dietmar"]
[Result "1-0"]
[WhiteElo "2341"]
[BlackElo "2239"]
[PlyCount "159"]
[EventDate "2019.??.??"]

1. c4 Nf6 2. Nc3 c5 3. Nf3 Nc6 4. d4 cxd4 5. Nxd4 g6 6. e4 d6 7. Be2 Bg7 8. Be3
O-O 9. O-O Bd7 10. Qd2 Nxd4 11. Bxd4 Bc6 12. f3 b6 13. Rfc1 Qd7 14. a4 Rfd8 15.
a5 Qb7 16. Be3 Be8 17. Bd1 Rdc8 18. Qe2 Rab8 19. axb6 axb6 20. Ba4 Ra8 21. Bxe8
Rxe8 22. Qd1 Nd7 23. Qb3 Bxc3 24. Qxc3 Rxa1 25. Rxa1 Ra8 26. Ra3 f6 27. Qb3
Rxa3 28. Qxa3 Kf7 29. Qa2 e6 30. Qa3 Ke7 31. b3 e5 32. Kf2 Ke6 33. g4 Qc6 34.
Qa7 f5 35. gxf5+ gxf5 36. exf5+ Kxf5 37. Qa1 d5 38. Qf1 Nf6 39. Qh3+ Kg6 40.
Qh6+ Kf5 41. Bg5 dxc4 42. Bxf6 Qxf6 43. Qxh7+ Ke6 44. Qg8+ Kd6 45. Qxc4 Qg5 46.
Qb4+ Kc6 47. h4 Qf6 48. Qe4+ Kc7 49. b4 Kb8 50. b5 Qe7 51. Kg2 Ka7 52. Qa4+ Kb8
53. Qc4 Ka7 54. Kg3 Qg7+ 55. Qg4 Qc7 56. Kh3 Qc5 57. Qd7+ Kb8 58. h5 Qe3 59.
Qd8+ Kb7 60. Qe7+ Kb8 61. Qf8+ Kc7 62. h6 Qe1 63. Qe7+ Kc8 64. Qe6+ Kb7 65.
Qc6+ Ka7 66. Qc7+ Ka8 67. Qxb6 Qh1+ 68. Kg3 Qe1+ 69. Qf2 Qh1 70. Qa2+ Kb7 71.
Qa6+ Kc7 72. Qa7+ Kd6 73. h7 e4 74. Qd4+ Ke6 75. Qxe4+ Kf7 76. Qf5+ Ke7 77.
Qe5+ Kd7 78. Qd4+ Ke7 79. h8=Q Qe1+ 80. Qf2 1-0

[Event "2BLO 1920 SK Passau - Nickelhütte Aue"]
[Site "?"]
[Date "2019.11.23"]
[Round "3.8"]
[White "Linhart, Wolfgang"]
[Black "Spiess, Gunter"]
[Result "1/2-1/2"]
[WhiteElo "2142"]
[BlackElo "2394"]
[PlyCount "46"]
[EventDate "2019.??.??"]

1. d4 d5 2. Nf3 Nf6 3. e3 c5 4. c3 Nc6 5. Nbd2 e6 6. Bd3 Be7 7. O-O O-O 8. Qe2
Qc7 9. dxc5 Bxc5 10. e4 h6 11. Bc2 Re8 12. e5 Nd7 13. Nb3 Bb6 14. Re1 f6 15.
Bf4 Ndxe5 16. Nxe5 fxe5 17. Bxe5 Nxe5 18. Qxe5 Qxe5 19. Rxe5 Bd7 20. Rd1 Rf8
21. Nd4 Rf6 22. Nf3 Raf8 23. Rd2 g5 1/2-1/2

[Event "2BLO 1920 Münchener Schachclub 1836 - F"]
[Site "?"]
[Date "2019.11.23"]
[Round "3.1"]
[White "Belezky, Alexander"]
[Black "Jones, Gawain C B"]
[Result "0-1"]
[WhiteElo "2374"]
[BlackElo "2663"]
[PlyCount "100"]
[EventDate "2019.??.??"]

1. Nf3 c5 2. g3 Nc6 3. Bg2 e5 4. d3 d5 5. O-O Be7 6. c3 Nf6 7. a3 O-O 8. b4 e4
9. dxe4 Nxe4 10. Nfd2 Nf6 11. Nb3 c4 12. Nd4 a5 13. b5 Nxd4 14. cxd4 Bf5 15.
Nc3 Re8 16. Bg5 Ne4 17. Nxe4 Bxe4 18. Bxe4 dxe4 19. Bxe7 Rxe7 20. Qd2 Qe8 21.
Qb2 e3 22. f3 Rd7 23. Qc3 Qe6 24. a4 Rd6 25. Rfc1 Rc8 26. Ra3 Qd7 27. Rd1 Re8
28. Kh1 b6 29. Raa1 Qh3 30. Rg1 Qe6 31. Rgc1 Qh3 32. Rg1 Rh6 33. Rg2 Qe6 34.
Rc1 Rc8 35. g4 Qe7 36. Rb1 Re6 37. Rg3 Qd6 38. Rh3 g6 39. Rg3 g5 40. Rgg1 Rd8
41. Qxc4 Rh6 42. Rg2 Qxd4 43. Rc1 Qe5 44. Qb3 Rd2 45. Rc3 Re6 46. Qa3 Kg7 47.
Rc8 Rdd6 48. Rc3 Rd1+ 49. Rg1 Rh6 50. f4 Qe4# 0-1

[Event "2BLO 1920 Münchener Schachclub 1836 - F"]
[Site "?"]
[Date "2019.11.23"]
[Round "3.2"]
[White "Tabatabaei, M.amin"]
[Black "Grafl, Florian"]
[Result "1-0"]
[WhiteElo "2630"]
[BlackElo "2344"]
[PlyCount "41"]
[EventDate "2019.??.??"]

1. e4 d5 2. exd5 Qxd5 3. Nc3 Qd6 4. d4 Nf6 5. Nf3 a6 6. g3 Bg4 7. h3 Bh5 8. Bg2
Nc6 9. d5 Nb4 10. Bf4 Bxf3 11. Bxf3 e5 12. Bg5 Be7 13. Bxf6 Qxf6 14. Bg2 Qg6
15. O-O Qxc2 16. Rc1 Qxb2 17. Qa4+ Kf8 18. Qd7 Qa3 19. Nb1 Qd3 20. Rxc7 Re8 21.
Rc8 1-0

[Event "2BLO 1920 Münchener Schachclub 1836 - F"]
[Site "?"]
[Date "2019.11.23"]
[Round "3.3"]
[White "Schenk, Andreas"]
[Black "Indjic, Aleksandar"]
[Result "1/2-1/2"]
[WhiteElo "2430"]
[BlackElo "2646"]
[PlyCount "79"]
[EventDate "2019.??.??"]

1. d4 Nf6 2. c4 e6 3. Nf3 d5 4. Nc3 dxc4 5. e3 a6 6. Bxc4 b5 7. Be2 Bb7 8. O-O
Nbd7 9. a3 c5 10. dxc5 Bxc5 11. b4 Be7 12. Bb2 O-O 13. a4 bxa4 14. Qxa4 Qb8 15.
h3 Rc8 16. b5 axb5 17. Qxb5 Rc6 18. Rxa8 Qxa8 19. Ra1 Qc8 20. Qb3 Nc5 21. Qa2
Rb6 22. Ba3 Bf8 23. Bxc5 Bxc5 24. Na4 Rc6 25. Nxc5 Rxc5 26. Qa7 g6 27. Rb1 Rc1+
28. Rxc1 Qxc1+ 29. Kh2 Bxf3 30. Bxf3 Qd2 31. Qa1 Qd6+ 32. g3 Kg7 33. h4 e5 34.
Kg2 Qe6 35. Qc3 Qf5 36. Qb2 h5 37. Qc3 Kg8 38. Qc4 Kg7 39. Qc3 Qe6 40. Qb2
1/2-1/2

[Event "2BLO 1920 Münchener Schachclub 1836 - F"]
[Site "?"]
[Date "2019.11.23"]
[Round "3.4"]
[White "Smirnov, Anton"]
[Black "Zajogin, Alexander"]
[Result "1-0"]
[WhiteElo "2573"]
[BlackElo "2422"]
[PlyCount "57"]
[EventDate "2019.??.??"]

1. d4 Nf6 2. c4 e6 3. Nf3 Bb4+ 4. Nbd2 a5 5. a3 Be7 6. b3 d5 7. e3 O-O 8. Bd3
c5 9. Bb2 cxd4 10. exd4 b6 11. Rc1 Bb7 12. O-O Nbd7 13. Bb1 Rc8 14. Ne5 dxc4
15. bxc4 Rc7 16. f4 Qa8 17. Qe2 Re8 18. Rce1 Nf8 19. Ndf3 Bd6 20. Ng5 h6 21.
Ngf3 g6 22. Bd3 Nh5 23. Nd2 f5 24. c5 Bxe5 25. Qxe5 Rg7 26. g3 g5 27. fxg5 Rxg5
28. Rxf5 Bh1 29. Rxg5+ 1-0

[Event "2BLO 1920 Münchener Schachclub 1836 - F"]
[Site "?"]
[Date "2019.11.23"]
[Round "3.5"]
[White "Webersberger, Johann"]
[Black "Martinovic, Sasa"]
[Result "0-1"]
[WhiteElo "2367"]
[BlackElo "2547"]
[PlyCount "78"]
[EventDate "2019.??.??"]

1. d4 Nf6 2. Bg5 e6 3. e4 h6 4. Bxf6 Qxf6 5. Nc3 Bb4 6. Qd2 d5 7. e5 Qd8 8. a3
Be7 9. f4 c5 10. dxc5 Bxc5 11. Nf3 Nc6 12. O-O-O Bd7 13. Kb1 a6 14. f5 Qc7 15.
Bd3 O-O-O 16. Rhe1 Kb8 17. Bf1 Ne7 18. f6 gxf6 19. exf6 Nc6 20. g3 Bc8 21. Na4
Ba7 22. Nc3 Rdg8 23. Bd3 Rg4 24. Rf1 h5 25. Rde1 Ka8 26. Be2 Bb6 27. Nd1 Ra4
28. c3 Bc5 29. Bd3 Bd6 30. Bc2 Ra5 31. Nd4 h4 32. b4 Nxd4 33. Qxd4 Rb5 34. gxh4
e5 35. Qd2 Rxh4 36. a4 Rb6 37. Qxd5 Be6 38. Qd2 Rhxb4+ 39. cxb4 Bxb4 0-1

[Event "2BLO 1920 Münchener Schachclub 1836 - F"]
[Site "?"]
[Date "2019.11.23"]
[Round "3.6"]
[White "Froewis, Georg"]
[Black "Klebel, Martin"]
[Result "1-0"]
[WhiteElo "2464"]
[BlackElo "2366"]
[PlyCount "61"]
[EventDate "2019.??.??"]

1. Nf3 d5 2. d4 Nf6 3. c4 c6 4. e3 e6 5. b3 Nbd7 6. Bd3 Bd6 7. Bb2 O-O 8. O-O
Re8 9. Ne5 Ne4 10. f3 Bxe5 11. fxe4 dxe4 12. dxe5 exd3 13. Nd2 f5 14. exf6 Nxf6
15. Rxf6 gxf6 16. Qg4+ Kh8 17. Ne4 e5 18. Qh5 Bd7 19. Rf1 f5 20. Ng5 Re7 21.
Nf7+ Rxf7 22. Qxf7 Qe8 23. Qf6+ Kg8 24. Bxe5 Qf8 25. Qh8+ Kf7 26. Qxh7+ Ke6 27.
Bg7 Qf7 28. e4 f4 29. Qh6+ Ke7 30. Rxf4 Qe6 31. Qg5+ 1-0

[Event "2BLO 1920 Münchener Schachclub 1836 - F"]
[Site "?"]
[Date "2019.11.23"]
[Round "3.7"]
[White "Gretz, Denis"]
[Black "Berchtenbreiter, Maximilian"]
[Result "0-1"]
[WhiteElo "2336"]
[BlackElo "2478"]
[PlyCount "88"]
[EventDate "2019.??.??"]

1. e4 g6 2. d4 c6 3. Nf3 d5 4. Nbd2 dxe4 5. Nxe4 Bg7 6. Bc4 Nf6 7. Nxf6+ exf6
8. O-O O-O 9. Re1 a5 10. Bf4 Na6 11. c3 Nc7 12. h3 Nd5 13. Bg3 a4 14. Qd2 Be6
15. Bd3 b5 16. b3 Qa5 17. b4 Qd8 18. c4 bxc4 19. Bxc4 a3 20. Rab1 Re8 21. b5
cxb5 22. Bxb5 Bd7 23. Rxe8+ Qxe8 24. Bc4 Be6 25. Bd6 Qc6 26. Bc5 Bf8 27. Bb3
Bxc5 28. Qc1 Nf4 29. Qxf4 Bxb3 30. Rxb3 Bd6 31. Qd2 Qc4 32. Rc3 Qd5 33. Qc2 Kg7
34. Rb3 Re8 35. Qd3 Rc8 36. g3 h5 37. Kg2 g5 38. Rb5 Qxa2 39. Nxg5 fxg5 40.
Rxg5+ Kf8 41. Qh7 Ke7 42. d5 Qe2 43. Rf5 Rf8 44. Rf3 a2 0-1

[Event "2BLO 1920 Münchener Schachclub 1836 - F"]
[Site "?"]
[Date "2019.11.23"]
[Round "3.8"]
[White "Ciolek, Andreas"]
[Black "Unzicker, Ferdinand"]
[Result "1/2-1/2"]
[WhiteElo "2249"]
[BlackElo "2323"]
[PlyCount "36"]
[EventDate "2019.??.??"]

1. e4 c5 2. Nf3 d6 3. g3 Nf6 4. d3 g6 5. Bg2 Bg7 6. O-O O-O 7. Re1 Nc6 8. c3
Bg4 9. h3 Bxf3 10. Qxf3 Nd7 11. Qd1 b5 12. e5 Qc7 13. exd6 exd6 14. Bf4 Rae8
15. Na3 a6 16. Qd2 Rxe1+ 17. Rxe1 Nde5 18. Nc2 a5 1/2-1/2

[Event "2BLO 1920 SC Garching - MSA Zugzwang"]
[Site "?"]
[Date "2019.11.23"]
[Round "3.1"]
[White "Short, Nigel D"]
[Black "Stocek, Jiri"]
[Result "1/2-1/2"]
[WhiteElo "2632"]
[BlackElo "2570"]
[PlyCount "63"]
[EventDate "2019.??.??"]

1. e4 c5 2. Nf3 d6 3. d4 cxd4 4. Nxd4 Nf6 5. Nc3 a6 6. Be2 e5 7. Nb3 Be7 8. O-O
Be6 9. f4 Qc7 10. f5 Bc4 11. Bxc4 Qxc4 12. Qf3 Nbd7 13. Be3 b5 14. a3 Rc8 15.
Rad1 d5 16. Nxd5 Qxe4 17. Qxe4 Nxe4 18. c3 g6 19. Na5 gxf5 20. Rxf5 Nd6 21. Rh5
f6 22. Nb4 Nb8 23. Ba7 Nc4 24. Nxc4 bxc4 25. Bxb8 Rxb8 26. Rh4 a5 27. Nd5 Rxb2
28. Rxc4 Bd8 29. Rc8 Kf7 30. Ne3 Re2 31. Nc4 Rg8 32. Rdxd8 1/2-1/2

[Event "2BLO 1920 SC Garching - MSA Zugzwang"]
[Site "?"]
[Date "2019.11.23"]
[Round "3.2"]
[White "Krivoborodov, Egor"]
[Black "Hertneck, Gerald"]
[Result "1/2-1/2"]
[WhiteElo "2518"]
[BlackElo "2493"]
[PlyCount "120"]
[EventDate "2019.??.??"]

1. Nf3 d5 2. g3 g6 3. Bg2 Bg7 4. O-O e5 5. c4 c6 6. d3 Ne7 7. e4 O-O 8. Nc3 Na6
9. exd5 cxd5 10. cxd5 Nxd5 11. Nxd5 Qxd5 12. Re1 Qd6 13. Be3 Bd7 14. d4 exd4
15. Bxd4 Bc6 16. Bxg7 Qxd1 17. Raxd1 Kxg7 18. Nd4 Bxg2 19. Kxg2 Rfe8 20. Nb5
Rxe1 21. Rxe1 Rd8 22. Re7 Rd2 23. Rxb7 Rxb2 24. Rxa7 Nb4 25. Nd6 Rxa2 26. Rxf7+
Kg8 27. Rd7 Re2 28. Kf3 Re6 29. Ne4 Nc6 30. Kf4 Ne5 31. Rd5 Nf7 32. g4 h6 33.
h4 Rb6 34. f3 Kg7 35. Rd7 Kf8 36. Ra7 Rb4 37. Kg3 Rb6 38. Rc7 Ra6 39. Nc5 Rd6
40. Rc8+ Kg7 41. Re8 Rc6 42. Ne6+ Kf6 43. Nf4 Rd6 44. Nh3 Rd8 45. Re3 Ne5 46.
Nf2 Rd5 47. Ra3 Kg7 48. Ra7+ Rd7 49. Ra5 Nc4 50. Rc5 Nd2 51. Ne4 Nxe4+ 52. fxe4
Rf7 53. Rc1 g5 54. Rc5 gxh4+ 55. Kxh4 Rf4 56. Rc7+ Kf6 57. e5+ Kxe5 58. Rc6 Rf6
59. Rc5+ Ke6 60. Kh5 Kf7 1/2-1/2

[Event "2BLO 1920 SC Garching - MSA Zugzwang"]
[Site "?"]
[Date "2019.11.23"]
[Round "3.3"]
[White "Zysk, Robert"]
[Black "Hess, Max"]
[Result "1-0"]
[WhiteElo "2416"]
[BlackElo "2378"]
[PlyCount "103"]
[EventDate "2019.??.??"]

1. d4 Nf6 2. c4 g6 3. Nf3 Bg7 4. g3 O-O 5. Bg2 d6 6. O-O Nbd7 7. Nc3 e5 8. h3
c6 9. dxe5 Nxe5 10. Nxe5 dxe5 11. Be3 Be6 12. b3 Qa5 13. Qc1 Rfd8 14. Bd2 Qc7
15. Bg5 Rd4 16. Qe3 Ne8 17. Bh6 Rad8 18. Bxg7 Kxg7 19. Ne4 f6 20. g4 h6 21. Qc3
Qe7 22. Rae1 Kh7 23. e3 Rd3 24. Qc2 f5 25. gxf5 gxf5 26. Ng3 Rd2 27. Qb1 Ng7
28. Rd1 Qa3 29. Bf3 e4 30. Be2 R8d7 31. Qa1 Qxa2 32. Qe5 Qb2 33. Qb8 Rxe2 34.
Rxd7 Bxd7 35. Nxe2 Qxe2 36. Qxb7 Be6 37. Qxc6 Qf3 38. Qc7 Qxh3 39. Ra1 Qg4+ 40.
Qg3 Kg6 41. Rxa7 Kf6 42. Qxg4 fxg4 43. Rc7 h5 44. b4 Ne8 45. Rc6 Ke7 46. b5 Kd7
47. Rc5 Nd6 48. b6 h4 49. Rc7+ Kd8 50. c5 Nf7 51. Re7 Bd5 52. b7 1-0

[Event "2BLO 1920 SC Garching - MSA Zugzwang"]
[Site "?"]
[Date "2019.11.23"]
[Round "3.4"]
[White "Renner, Christoph"]
[Black "Bromberger, Stefan"]
[Result "0-1"]
[WhiteElo "2311"]
[BlackElo "2481"]
[PlyCount "50"]
[EventDate "2019.??.??"]

1. e4 c6 2. d4 d5 3. exd5 cxd5 4. Bf4 Nc6 5. c3 Bf5 6. Qb3 Qd7 7. Nf3 e6 8.
Nbd2 Nge7 9. Be2 f6 10. h4 Ng6 11. Bg3 Bd6 12. Bxd6 Qxd6 13. Qxb7 O-O 14. Bb5
Rfc8 15. Qa6 e5 16. h5 Nf4 17. g3 Ne6 18. Nh4 Bg4 19. f3 exd4 20. fxg4 dxc3 21.
bxc3 Nc5 22. Qxc8+ Rxc8 23. Nf5 Qe5+ 24. Kd1 Qxc3 25. Rc1 Qb4 0-1

[Event "2BLO 1920 SC Garching - MSA Zugzwang"]
[Site "?"]
[Date "2019.11.23"]
[Round "3.5"]
[White "Raykhman, Alexander"]
[Black "Koepke, Christian"]
[Result "1/2-1/2"]
[WhiteElo "2380"]
[BlackElo "2343"]
[PlyCount "64"]
[EventDate "2019.??.??"]

1. d4 Nf6 2. c4 c5 3. Nf3 g6 4. Nc3 cxd4 5. Nxd4 Nc6 6. e4 d6 7. Be2 Nxd4 8.
Qxd4 Bg7 9. Be3 O-O 10. Qd2 a5 11. f3 a4 12. Rb1 Qa5 13. g4 Be6 14. h4 Rfc8 15.
Nd5 Nxd5 16. exd5 Bd7 17. Qxa5 Rxa5 18. Kf2 e6 19. dxe6 Bxe6 20. Rhd1 d5 21. b4
axb3 22. axb3 dxc4 23. bxc4 Ra2 24. Rd2 Rxd2 25. Bxd2 Bd4+ 26. Be3 Bxe3+ 27.
Kxe3 Bxc4 28. Bxc4 Rxc4 29. Rxb7 h5 30. gxh5 gxh5 31. Rb5 Rxh4 32. Kf2 Kg7
1/2-1/2

[Event "2BLO 1920 SC Garching - MSA Zugzwang"]
[Site "?"]
[Date "2019.11.23"]
[Round "3.6"]
[White "Koepke, Elena"]
[Black "Hoffmeyer, Falk"]
[Result "1/2-1/2"]
[WhiteElo "2308"]
[BlackElo "2336"]
[PlyCount "62"]
[EventDate "2019.??.??"]

1. e4 c6 2. c4 d5 3. exd5 cxd5 4. cxd5 Nf6 5. Nc3 Nxd5 6. Nf3 Nc6 7. Bb5 Nxc3
8. bxc3 Bd7 9. O-O e6 10. d4 Be7 11. Bd3 Qa5 12. Bd2 b6 13. Re1 Bf6 14. a4 Qh5
15. Rb1 Ne7 16. Bb5 Bxb5 17. Rxb5 Qg6 18. a5 bxa5 19. Rxa5 O-O 20. Qb3 h6 21.
h3 Rfb8 22. Rb5 Rc8 23. Ra1 Qd3 24. Qb1 Qc4 25. Rb4 Qc6 26. Rba4 Nd5 27. Rxa7
Rxa7 28. Rxa7 Nxc3 29. Bxc3 Qxc3 30. Qb7 Rf8 31. Qe4 Rd8 1/2-1/2

[Event "2BLO 1920 SC Garching - MSA Zugzwang"]
[Site "?"]
[Date "2019.11.23"]
[Round "3.7"]
[White "Gerigk, Erasmus"]
[Black "Dehlinger, Alexander"]
[Result "1/2-1/2"]
[WhiteElo "2332"]
[BlackElo "2288"]
[PlyCount "35"]
[EventDate "2019.??.??"]

1. e4 c5 2. c3 Nf6 3. e5 Nd5 4. Bc4 Nb6 5. Bb3 d6 6. exd6 Qxd6 7. Nf3 Nc6 8.
Na3 a6 9. O-O Bf5 10. d4 cxd4 11. Nxd4 Nxd4 12. cxd4 e6 13. Qf3 Qd7 14. d5 Nxd5
15. Rd1 Bxa3 16. bxa3 O-O 17. Bxd5 exd5 18. Rxd5 1/2-1/2

[Event "2BLO 1920 SC Garching - MSA Zugzwang"]
[Site "?"]
[Date "2019.11.23"]
[Round "3.8"]
[White "Schimpf, Markus"]
[Black "Lammers, Markus"]
[Result "1/2-1/2"]
[WhiteElo "2228"]
[BlackElo "2324"]
[PlyCount "30"]
[EventDate "2019.??.??"]

1. d4 d5 2. Bf4 Nf6 3. e3 e6 4. Nf3 c5 5. c3 Nbd7 6. h3 Be7 7. Nbd2 O-O 8. Bd3
b6 9. O-O Bb7 10. Ne5 Ne4 11. f3 Nxe5 12. Bxe5 Nxd2 13. Qxd2 Bd6 14. Bxd6 Qxd6
15. f4 a5 1/2-1/2

[Event "2BLO 1920 Erfurter SK - SK Passau"]
[Site "?"]
[Date "2019.11.24"]
[Round "4.1"]
[White "Diermair, Andreas"]
[Black "Romanov, Evgeny"]
[Result "1/2-1/2"]
[WhiteElo "2475"]
[BlackElo "2597"]
[PlyCount "25"]
[EventDate "2019.??.??"]

1. d4 Nf6 2. c4 e6 3. Nf3 b6 4. g3 Bb7 5. Bg2 Bb4+ 6. Bd2 c5 7. O-O Bxd2 8.
Qxd2 cxd4 9. Rd1 Bxf3 10. exf3 Nc6 11. f4 Rc8 12. Na3 d6 13. Bxc6+ {(=)}
1/2-1/2

[Event "2BLO 1920 Erfurter SK - SK Passau"]
[Site "?"]
[Date "2019.11.24"]
[Round "4.2"]
[White "Braeuer, Franz"]
[Black "Schwabeneder, Florian"]
[Result "1-0"]
[WhiteElo "2430"]
[BlackElo "2401"]
[PlyCount "53"]
[EventDate "2019.??.??"]

1. e4 e6 2. d4 d5 3. Nd2 c5 4. exd5 Qxd5 5. Ngf3 cxd4 6. Bc4 Qd7 7. O-O Nc6 8.
Nb3 Nf6 9. Qe2 a6 10. a4 Qc7 11. Rd1 e5 12. Nbxd4 Nxd4 13. Rxd4 Bc5 14. Rh4 Ng4
15. Kf1 f6 16. b4 Ba7 17. Bb2 Qe7 18. b5 Bc5 19. Re1 Bb4 20. Rd1 a5 21. h3 Nh6
22. Nxe5 fxe5 23. Rxh6 gxh6 24. Qh5+ Kf8 25. Qxh6+ Ke8 26. Qh5+ Kf8 27. Rd8+
1-0

[Event "2BLO 1920 Erfurter SK - SK Passau"]
[Site "?"]
[Date "2019.11.24"]
[Round "4.3"]
[White "Leisch, Lukas"]
[Black "Votava, Jan"]
[Result "1/2-1/2"]
[WhiteElo "2340"]
[BlackElo "2526"]
[PlyCount "35"]
[EventDate "2019.??.??"]

1. Nf3 Nf6 2. c4 e6 3. Nc3 d5 4. e3 Be7 5. b3 b6 6. Bb2 Bb7 7. cxd5 exd5 8. d4
Nbd7 9. Bd3 Bd6 10. O-O a6 11. Qc2 O-O 12. Rac1 Re8 13. Ne2 Rc8 14. Ng3 g6 15.
Qe2 Ra8 16. Qc2 Rc8 17. Qe2 Ra8 18. Qc2 1/2-1/2

[Event "2BLO 1920 Erfurter SK - SK Passau"]
[Site "?"]
[Date "2019.11.24"]
[Round "4.4"]
[White "Enders, Peter"]
[Black "Weiss, Christian"]
[Result "1-0"]
[WhiteElo "2454"]
[BlackElo "2370"]
[PlyCount "81"]
[EventDate "2019.??.??"]

1. b3 e5 2. Bb2 Nc6 3. Nf3 d6 4. e3 Nge7 5. d4 exd4 6. Nxd4 Nxd4 7. Qxd4 Nc6 8.
Bb5 Bd7 9. Bxc6 Bxc6 10. Nc3 Qg5 11. O-O-O Be7 12. f3 Bf6 13. Qd2 O-O-O 14. h4
Qe5 15. e4 h5 16. Kb1 Rhe8 17. Qf2 Kb8 18. Rd3 Qe7 19. a4 Bxc3 20. Bxc3 f6 21.
Rhd1 Qf7 22. Kb2 Rd7 23. Qg3 b6 24. a5 Kb7 25. Qf4 Red8 26. R3d2 b5 27. Bd4 a6
28. Bf2 Kc8 29. Qe3 f5 30. e5 dxe5 31. Rxd7 Rxd7 32. Rxd7 Kxd7 33. Qxe5 Qf6 34.
Bd4 Qxe5 35. Bxe5 g6 36. Kc3 Bd5 37. Kd4 Bf7 38. Bf4 Be8 39. Ke5 Ke7 40. Bg5+
Kd7 41. Be3 1-0

[Event "2BLO 1920 Erfurter SK - SK Passau"]
[Site "?"]
[Date "2019.11.24"]
[Round "4.5"]
[White "Testor, Sebastian"]
[Black "Haba, Petr"]
[Result "0-1"]
[WhiteElo "2332"]
[BlackElo "2470"]
[PlyCount "88"]
[EventDate "2019.??.??"]

1. d4 d5 2. c4 dxc4 3. Nf3 Nf6 4. e3 a6 5. Bxc4 e6 6. O-O c5 7. b3 cxd4 8. Nxd4
Bd6 9. Bb2 O-O 10. h3 Qe7 11. Nd2 e5 12. N4f3 Nc6 13. Rc1 Bd7 14. Qc2 Rad8 15.
Rfd1 Ba3 16. Ne4 Bxb2 17. Nxf6+ Qxf6 18. Qxb2 Bxh3 19. Bd5 Bg4 20. Bxc6 Rxd1+
21. Rxd1 bxc6 22. Rd2 Bxf3 23. gxf3 h5 24. Qa3 Qg5+ 25. Kh2 e4 26. fxe4 Qh4+
27. Kg1 Qg4+ 28. Kh2 Re8 29. Qxa6 Qh4+ 30. Kg1 Re6 31. Qc8+ Kh7 32. Rd8 Rf6 33.
Rh8+ Kg6 34. f4 Qg3+ 35. Kh1 Qf3+ 36. Kh2 Qf2+ 37. Kh1 Qf1+ 38. Kh2 Qf2+ 39.
Kh1 Qxe3 40. Rh6+ Kxh6 41. Qh8+ Kg6 42. f5+ Kg5 43. Qxg7+ Kh4 44. Qxf6+ Kh3 0-1

[Event "2BLO 1920 Erfurter SK - SK Passau"]
[Site "?"]
[Date "2019.11.24"]
[Round "4.6"]
[White "Weishaeutel, Moritz"]
[Black "Hellmayr, Alois"]
[Result "0-1"]
[WhiteElo "2262"]
[BlackElo "2242"]
[PlyCount "52"]
[EventDate "2019.??.??"]

1. e4 c5 2. Nf3 Nc6 3. d4 cxd4 4. Nxd4 Qb6 5. Nb3 Nf6 6. Nc3 e6 7. a3 Qc7 8. g3
a6 9. Bg2 d6 10. O-O Be7 11. f4 O-O 12. Qe2 Re8 13. Bd2 Nd7 14. Rae1 Rb8 15.
Nd1 b5 16. Bc3 a5 17. e5 b4 18. axb4 axb4 19. exd6 Bxd6 20. Bd2 Nf6 21. Ne3 Bb7
22. Ra1 e5 23. Qf2 Nd4 24. Nxd4 exd4 25. Nf5 Ng4 26. Nxd6 Qxd6 0-1